00548nam a2200193Ia 450000500170000000800410001704000190005804100120007708200160008910000160010524500550012125000290017626000370020530000200024250400500026265000150031270000170032785000100034420231101111444.0131103s9999 xx 000 0 und d aLoreto College aEnglish a781.65bDEY aDexter,Dava 4aThe JazzstorybFrom 90's to the 60's cDava Dexter aForeword by Woody Herman aNew JersybPrentice - Hallc1964 a176 p.b illus. aIncludes bibliographical references and index aJazz Music aHerman,Woody aLCLIB